000 00712cam a22002533a 4500
001 5314
003 PGUSA
005 20140828083118.0
008 040301s2004||||xxu|||||s|||||000 | eng d
040 _aPGUSA
_beng
042 _adc
050 4 _aPT
050 4 _aPZ
100 1 _aGrimm, Wilhelm,
_d1786-1859
245 1 0 _aHousehold Tales by Brothers Grimm
_h[electronic resource] /
_cWilhelm Grimm
260 _bProject Gutenberg,
_c2004
506 _aPublic domain in the USA.
516 _aElectronic text
653 _aFairy tales -- Germany
700 1 _aHunt, Alfred William,
_cMrs,
_d1831-1912
830 0 _aProject Gutenberg
_v5314
856 4 0 _uhttp://www.gutenberg.org/ebooks/5314
942 _cEB
999 _c234643
_d234643